| 000 | 00403 a2200109 4500 | ||
|---|---|---|---|
| 020 | _a8120317297 | ||
| 082 | _a333.913 MAJ | ||
| 100 | _aMajumdar, Dilip Kumar | ||
| 245 |
_aIrrigation Water Management : principles and practice _cDilip Kumar Majumdar |
||
| 260 |
_aNew Delhi : _bPrentice Hall of India Private Limited _c2004 |
||
| 300 |
_axii, 487p. : _bill ., ; _c25 cm |
||
| 650 | _aIrrigation Water Management -- Principles and Practice | ||
| 999 |
_c320 _d320 |
||